| 000 | 00544nam a2200181Ia 4500 | ||
|---|---|---|---|
| 003 | GCL | ||
| 008 | 140319s9999 xx 000 0 ara d | ||
| 040 |
_aGCL / _cGCL |
||
| 082 | 0 | 4 |
_a624.18 _bح ت |
| 100 | 1 | _aحسام محمد غانم | |
| 245 | 1 | 0 |
_aتصميم المنشأت المعدنية / _cحسام محمد غانم |
| 260 |
_a[S.N] : _bدار الراتب الجامعية |
||
| 300 | _a282 ص | ||
| 490 | _a | ||
| 650 | 0 | 4 | _aالهندسة الانشائية |
| 650 | 0 | 4 | _aالانشاءات المعدنية |
| 942 |
_2ddc _cBK |
||
| 999 |
_c35609 _d35609 |
||